| 000 | 00886nam a2200241 a 4500 | ||
|---|---|---|---|
| 003 | MX-MxUPN | ||
| 005 | 20240902151742.0 | ||
| 008 | 221020s1928 sp |||||r|||| 000 0 spa d | ||
| 040 |
_aMX-MxUPN _bspa _cMX-MxUPN |
||
| 041 | 1 |
_aspa _hfre |
|
| 050 | 1 | 4 |
_aLB1051 _bQ84 |
| 100 | 1 |
_aQueyrat, Frédéric, _d1858- _947171 |
|
| 245 | 1 | 3 |
_aLa emulación y su papel en la educación : _bestudio de psicología aplicada |
| 260 |
_aMadrid : _bDaniel Jorro editor, _c1928. |
||
| 300 | _a223 páginas | ||
| 490 | 0 | _aBiblioteca científico-filosófica | |
| 650 | 4 |
_aPsicopedagogía _95085 |
|
| 700 | 1 |
_aJorro Fontaiña, Daniel _947172 _etraducción |
|
| 710 | 2 |
_aMuseo Pedagógico Nacional (México) _951335 _epropietario anterior |
|
| 710 | 1 |
_aMéxico. _951349 _epropietario anterior _bSecretaría de Educación Pública. _bBiblioteca Pública |
|
| 902 | _aVíctor Ruiz/201022 | ||
| 942 |
_2lcc _cLIBRO |
||
| 999 |
_c208965 _d208965 |
||